[Event "Copenhagen Chess Challenge 2018"]
[Site "Ballerup"]
[Date "2018.04.26"]
[Round "3"]
[White "Fries Nielsen, Jens Ove"]
[Black "Boe Olsen, Filip"]
[Result "1-0"]
[WhiteElo "2358"]
[BlackElo "2309"]
[EventDate "2018.04.25"]
[EventRounds "9"]
[EventCountry "Danmark"]
[WhiteFideId "1400142"]
[BlackFideId "1440640"]

1. d4 Nf6 2. Nc3 d5 3. Bf4 e6 4. e3 Bd6 5. Nf3 Bxf4 6. exf4 Nbd7 7. Bd3 c5 8. O-O O-O 9. Re1 a6 10. a3 b5 11. dxc5 Nxc5 12. b4 Nb7 13. Ne5 Nd6 14. Re3 Bb7 15. Rh3 Nde4 16. Ne2 Qb6 17. Qe1 a5 18. Rb1 axb4 19. axb4 Rfc8 20. g4 g6 21. Kg2 h5 22. f3 hxg4 23. fxg4 Kg7 24. g5 Nh5 25. Rxh5 gxh5 26. Qh4 Rh8 27. Rf1 Qe3 28. Rf3 Qd2 29. f5 Nxg5 30. Rg3 d4+ 31. Kf2 f6 32. Qxd4 Rhd8 33. Qc5 Kh6 34. Qe7 Rf8 35. h4 Rae8 36. hxg5+ fxg5 37. Nf7+  1-0

[Event "Copenhagen Chess Challenge 2018"]
[Site "Ballerup"]
[Date "2018.04.26"]
[Round "3"]
[White "Hector, Jonny"]
[Black "Jacobsen, Mikkel Manosri"]
[Result "1-0"]
[WhiteElo "2502"]
[BlackElo "2172"]
[EventDate "2018.04.25"]
[EventRounds "9"]
[EventCountry "Danmark"]
[WhiteFideId "1700090"]
[BlackFideId "1444514"]

1. e4 c6 2. d4 d5 3. Nd2 dxe4 4. Nxe4 Bf5 5. Ng3 Bg6 6. Nh3 e6 7. Nf4 Bd6 8. h4 Bxf4 9. Bxf4 h6 10. c3 Nf6 11. Bc4 Nd5 12. Be5 O-O 13. h5 Bh7 14. Qg4 Qg5 15. Qxg5 hxg5 16. h6 gxh6 17. Bxd5 exd5 18. Nh5 Nd7 19. Nf6+ Nxf6 20. Bxf6 Rae8+ 21. Kd2 Re4 22. Rxh6 Rfe8 23. Rah1 R8e6 24. Be5 Rxh6 25. Rxh6 Rh4 26. Rd6 Bb1 27. a4 f5 28. Rd8+ Kf7 29. Rd7+ Ke6 30. Rxb7 f4 31. g3 fxg3 32. Bxg3 Rh7 33. Rb8 Kf5 34. Rc8 Rb7 35. b4 a5 36. bxa5 Ba2 37. Ra8 Bc4 38. a6 Rb2+ 39. Kc1 Ra2 40. a7  1-0

[Event "Copenhagen Chess Challenge 2018"]
[Site "Ballerup"]
[Date "2018.04.26"]
[Round "3"]
[White "Hobber, Anders"]
[Black "Danielsen, Henrik"]
[Result "0-1"]
[WhiteElo "2268"]
[BlackElo "2500"]
[EventDate "2018.04.25"]
[EventRounds "9"]
[EventCountry "Danmark"]
[WhiteFideId "1505424"]
[BlackFideId "1400185"]

1. d4 d6 2. e4 Nf6 3. Nc3 e5 4. Nge2 c6 5. g3 b5 6. a3 Nbd7 7. Bg2 a5 8. O-O Ba6 9. b4 Be7 10. h3 O-O 11. Be3 Qc7 12. f4 Nb6 13. Bf2 Nc4 14. g4 exf4 15. Nxf4 d5 16. e5 Nd7 17. Nd3 Bc8 18. Qe2 Ndb6 19. Nc5 Be6 20. h4 Nd7 21. g5 Nxc5 22. bxc5 Qd7 23. Bg3 b4 24. axb4 axb4 25. Na4 Qb7 26. Rfb1 Qb5 27. Nb6 Rxa1 28. Rxa1 Bd8 29. Nxc4 dxc4 30. Be4 b3 31. cxb3 Qxb3 32. Qf3 Qb2 33. Rd1 Bd5 34. Bxd5 cxd5 35. Qxd5 Qb3  0-1

[Event "Copenhagen Chess Challenge 2018"]
[Site "Ballerup"]
[Date "2018.04.26"]
[Round "3"]
[White "Percivaldi, Martin"]
[Black "Sonis, Francesco"]
[Result "1/2-1/2"]
[WhiteElo "2398"]
[BlackElo "2448"]
[EventDate "2018.04.25"]
[EventRounds "9"]
[EventCountry "Danmark"]
[WhiteFideId "1508148"]
[BlackFideId "895733"]

1. Nf3 d5 2. g3 Nf6 3. Bg2 e6 4. c4 dxc4 5. Qa4+ Nbd7 6. Qxc4 c5 7. Qc2 b6 8. O-O Bb7 9. Nc3 Be7 10. d3 O-O 11. Rd1 a6 12. a4 Qc8 13. h3 Bc6 14. e4 Qb7 15. Be3 Rfc8 16. Nd2 Ne8 17. Nc4 Nd6 18. f4 f5 19. b3 Nxc4 20. dxc4 Nf6 21. exf5 Bxg2 22. Qxg2 Qxg2+ 23. Kxg2 exf5 24. Nd5 Nxd5 25. Rxd5 Rd8 26. Rad1 Rxd5 27. Rxd5 Rd8 28. Rxd8+ Bxd8 29. a5 Kf7 30. Kf3 Ke6 31. axb6 Bxb6 32. Ke2 Kd6 33. Bd2  1/2-1/2

[Event "Copenhagen Chess Challenge 2018"]
[Site "Ballerup"]
[Date "2018.04.26"]
[Round "3"]
[White "Genov, Petar"]
[Black "Boe, Mads"]
[Result "1-0"]
[WhiteElo "2435"]
[BlackElo "2301"]
[EventDate "2018.04.25"]
[EventRounds "9"]
[EventCountry "Danmark"]
[WhiteFideId "2900211"]
[BlackFideId "1401408"]

1. d4 Nf6 2. Nf3 e6 3. g3 c5 4. Bg2 Nc6 5. O-O cxd4 6. Nxd4 Bc5 7. Nb3 Bb6 8. c4 d5 9. cxd5 Nxd5 10. Na3 O-O 11. Nc4 Bc7 12. Ne3 Nde7 13. Bd2 a5 14. Rc1 Nb4 15. a3 Nbd5 16. Qc2 Bb8 17. Nxd5 exd5 18. Nd4 Be5 19. Bc3 Bxd4 20. Bxd4 Be6 21. Qd2 Qd7 22. Rfd1 Nc6 23. Bc3 Rad8 24. Bxa5 Nxa5 25. Qxa5 Rc8 26. Rxc8 Rxc8 27. Qd2 Qa4 28. Rc1 Rc6 29. h4 h6 30. e3 Qb3 31. Rxc6 bxc6 32. e4 Qc4 33. exd5 cxd5 34. Qc3 Qe2 35. Bf3 Qb5 36. b4 Qd7 37. Qd4 Qa4 38. Qd3 d4 39. Qxd4 Qxa3 40. Be4 g6 41. b5 Qc1+ 42. Kh2 Qf1 43. b6  1-0

[Event "Copenhagen Chess Challenge 2018"]
[Site "Ballerup"]
[Date "2018.04.26"]
[Round "3"]
[White "Hoi, Carsten"]
[Black "Moe, Mogens"]
[Result "1/2-1/2"]
[WhiteElo "2374"]
[BlackElo "2233"]
[EventDate "2018.04.25"]
[EventRounds "9"]
[EventCountry "Danmark"]
[WhiteFideId "1400100"]
[BlackFideId "1400550"]

1. d4 Nf6 2. c4 g6 3. Nc3 d5 4. Nf3 Bg7 5. cxd5 Nxd5 6. e4 Nxc3 7. bxc3 c5 8. Be3 O-O 9. Rc1 Qa5 10. Qd2 Rd8 11. d5 Nc6 12. Bd3 Bg4 13. h4 e6 14. c4 Nb4 15. Bb1 Bxf3 16. gxf3 b6 17. Kf1 Qa3 18. h5 Bb2 19. Kg2 Nc6 20. Rc2 Ba1 21. Rcc1 exd5 22. exd5 Bb2 23. Rc2 Ba1 24. hxg6 fxg6 25. Qe2 Ne5 26. f4 Nf7 27. Qg4 Rd6 28. f5 Bg7 29. Rcc1 g5 30. f6 Rxf6 31. Bxh7+ Kf8 32. Bb1 Qb2 33. Rc2 Qe5  1/2-1/2

[Event "Copenhagen Chess Challenge 2018"]
[Site "Ballerup"]
[Date "2018.04.26"]
[Round "3"]
[White "Matthiesen, Martin"]
[Black "Rishovd, Svein"]
[Result "1-0"]
[WhiteElo "2330"]
[BlackElo "2110"]
[EventDate "2018.04.25"]
[EventRounds "9"]
[EventCountry "Danmark"]
[WhiteFideId "1404067"]
[BlackFideId "1513060"]

1. d4 d5 2. c4 e6 3. Nc3 Bb4 4. e3 Nf6 5. Bd3 O-O 6. Nf3 dxc4 7. Bxc4 b6 8. O-O Bb7 9. a3 Bxc3 10. bxc3 c5 11. Bb2 Qc7 12. Qe2 Rc8 13. Bd3 c4 14. Bc2 Qc6 15. Rfe1 Ne4 16. Ne5 Qb5 17. Rab1 f6 18. Qg4 f5 19. Qh5 Nd6 20. a4 Qe8 21. Qxe8+ Nxe8 22. Ba3 Rc7 23. a5 Nd7 24. Nxd7 Rxd7 25. Ba4 Rf7 26. Bxe8 Rxe8 27. axb6 axb6 28. Rxb6 Be4 29. Bc5 Rb7 30. Rd6 Reb8 31. f3 Rb1 32. Rxb1 Rxb1+ 33. Kf2 Bd5 34. h4 g6 35. Kg3 Rb2 36. Kf4 Rb7 37. e4 fxe4 38. fxe4 Rf7+ 39. Ke5 Bb7 40. Rxe6 Kg7 41. Re7 Rxe7+ 42. Bxe7 Kf7 43. Bg5 Bc6 44. d5 Bb7 45. Kd6 Bc8 46. e5 Bf5 47. e6+ Ke8 48. Ke5 Bc2 49. d6 Ba4 50. d7+  1-0

[Event "Copenhagen Chess Challenge 2018"]
[Site "Ballerup"]
[Date "2018.04.26"]
[Round "3"]
[White "Mikalsen, Erlend"]
[Black "Adinolfi, Vincenzo"]
[Result "1-0"]
[WhiteElo "2307"]
[BlackElo "2053"]
[EventDate "2018.04.25"]
[EventRounds "9"]
[EventCountry "Danmark"]
[WhiteFideId "1507338"]
[BlackFideId "805556"]

1. e4 c5 2. Nf3 g6 3. d4 cxd4 4. Nxd4 Bg7 5. Nc3 Nc6 6. Be3 Nf6 7. Bc4 d6 8. f3 a6 9. Bb3 Qc7 10. Qd2 Bd7 11. g4 Na5 12. g5 Nxb3 13. Nxb3 Nh5 14. Nd5 Qb8 15. Nb6 Bxb2 16. Rb1 Be5 17. Na5 Be6 18. Nxa8 Qxa8 19. Rxb7 Qc8 20. Bd4 O-O 21. c3 Nf4 22. h4 f5 23. gxf6 Rxf6 24. Rxe7 Bc4 25. Bxe5 dxe5 26. Qd7 Qxd7 27. Rxd7 Bxa2 28. Rh2 Bf7 29. Rb2 h5 30. Kf2 Ne6 31. Rb8+ Kg7 32. Rb6 g5 33. hxg5 Nxg5 34. Rxf6 Kxf6 35. Rd6+ Be6 36. Rxa6 h4 37. Nc4 h3 38. Ne3 h2 39. Ng4+  1-0

[Event "Copenhagen Chess Challenge 2018"]
[Site "Ballerup"]
[Date "2018.04.26"]
[Round "3"]
[White "Stray, Gunnar"]
[Black "Haugli, Petter"]
[Result "1/2-1/2"]
[WhiteElo "2042"]
[BlackElo "2250"]
[EventDate "2018.04.25"]
[EventRounds "9"]
[EventCountry "Danmark"]
[WhiteFideId "1501631"]
[BlackFideId "1500104"]

1. d4 d5 2. c4 c6 3. Nc3 Nf6 4. cxd5 cxd5 5. Bf4 a6 6. e3 Nc6 7. h3 Bf5 8. Bd3 Bxd3 9. Qxd3 e6 10. Nf3 Bd6 11. Bxd6 Qxd6 12. O-O O-O 13. a3 Rfc8 14. b4 b5 15. Nd2 Nd7 16. Rfc1 Nb6 17. Nb3 Nc4 18. Nc5 Nb2 19. Qd2 Nc4 20. Qd3 Nb2 21. Qe2 Nc4 22. Rcb1 Rcb8 23. g3 h6 24. Kg2 Qc7 25. a4 bxa4 26. Rxa4 Qc8 27. b5 axb5 28. Rxa8 Rxa8 29. Rxb5 Rb8 30. Rxb8 Qxb8 31. Qc2 Qb4 32. Qb3 Qxb3  1/2-1/2

[Event "Copenhagen Chess Challenge 2018"]
[Site "Ballerup"]
[Date "2018.04.26"]
[Round "3"]
[White "Laustsen, Lars"]
[Black "Sorensen, Per Settergren"]
[Result "1-0"]
[WhiteElo "2205"]
[BlackElo "2034"]
[EventDate "2018.04.25"]
[EventRounds "9"]
[EventCountry "Danmark"]
[WhiteFideId "1407554"]
[BlackFideId "1413872"]

1. d4 e6 2. c4 Nf6 3. g3 d5 4. Nf3 Bb4+ 5. Bd2 Be7 6. Bg2 O-O 7. O-O c6 8. Qc2 b6 9. Ne5 Bb7 10. Rd1 a6 11. Bf4 Nh5 12. Be3 Nf6 13. Nc3 Nbd7 14. cxd5 cxd5 15. Qb3 Bd6 16. Nd3 Rb8 17. Rac1 Qe7 18. Bf4 Rfc8 19. a4 Rc4 20. Bxd6 Qxd6 21. Ne5 Qb4 22. Qxb4 Rxb4 23. Nxd7 Nxd7 24. Rd2 Rc8 25. Rcc2 Rbc4 26. e3 Kf8 27. Bf1 R4c7 28. Rd1 Nf6 29. f3 g5 30. g4 h5 31. h3 Ke7 32. Bd3 hxg4 33. hxg4 Rh8 34. Rdc1 Kd7 35. Ne4 Ne8 36. Nxg5 Rxc2 37. Rxc2 Nd6 38. Kg2 f6 39. Nh3 Nc4 40. Bxc4 dxc4 41. Nf4 b5 42. axb5 axb5 43. b3 Rc8 44. bxc4 bxc4 45. Ne2 f5 46. gxf5 exf5 47. Kg3 Rg8+ 48. Kf2 Bd5 49. Nc3 Kc6 50. Ra2 Bf7 51. Ra5 Rb8 52. Rxf5 Rb2+ 53. Kg3 Bg8 54. d5+ Kd7 55. Rg5 Rb3 56. Ne4 Rxe3 57. Rg7+ Ke8 58. Rxg8+ Kf7 59. Rc8  1-0

[Event "Copenhagen Chess Challenge 2018"]
[Site "Ballerup"]
[Date "2018.04.26"]
[Round "3"]
[White "Pakmor, Claus"]
[Black "Brondt, Nicolai Kvist"]
[Result "0-1"]
[WhiteElo "2010"]
[BlackElo "2179"]
[EventDate "2018.04.25"]
[EventRounds "9"]
[EventCountry "Danmark"]
[WhiteFideId "1431609"]
[BlackFideId "1413848"]

1. e4 c5 2. Nc3 e6 3. g3 Nc6 4. Bg2 g6 5. d3 Bg7 6. Be3 d6 7. f4 Nge7 8. Nf3 Nd4 9. O-O O-O 10. Qd2 Rb8 11. Rab1 b5 12. Ne2 Nec6 13. c3 Nxe2+ 14. Qxe2 b4 15. d4 Qa5 16. Qc2 Ba6 17. Rfd1 bxc3 18. Qxc3 Be2 19. Qxa5 Nxa5 20. Rdc1 Bd3 21. Ra1 Bxe4 22. Bd2 Bxf3 23. Bxf3 Bxd4+ 24. Kf1 Rxb2  0-1

[Event "Copenhagen Chess Challenge 2018"]
[Site "Ballerup"]
[Date "2018.04.26"]
[Round "3"]
[White "Shamima, Akter"]
[Black "Thybo, Thomas Sondergaard"]
[Result "0-1"]
[WhiteElo "2176"]
[BlackElo "2004"]
[EventDate "2018.04.25"]
[EventRounds "9"]
[EventCountry "Danmark"]
[WhiteFideId "10202587"]
[BlackFideId "1441299"]

1. Nf3 d5 2. d4 Nf6 3. c4 e6 4. Nc3 c6 5. cxd5 exd5 6. Bg5 Bf5 7. Qb3 Na6 8. e4 dxe4 9. Ne5 Be6 10. Qxb7 Nb4 11. Nxc6 Qc8 12. Qxc8+ Rxc8 13. Nxa7 Rd8 14. O-O-O Ra8 15. Nab5 Nxa2+ 16. Nxa2 Rxa2 17. Kb1 Ra5 18. Bd2 Ra4 19. Nc7+ Kd8 20. Bb5 Ra7 21. d5 Bf5 22. Be3 Rxc7 23. Bb6 Bd6 24. Bxc7+ Kxc7 25. Rc1+ Kb6 26. Ba4 Bc5 27. Rhd1 Ra8 28. b3 e3+ 29. Kb2 exf2 30. h3 Ra7 31. Rc4 Re7 32. b4 Re2+ 33. Ka3 Bd6 34. Rc6+ Kb7 35. Rf1 Be5 36. Bb5 Rd2 37. Rc5 Bd4 38. Bc6+ Kb6 39. Rcc1 Bb2+  0-1

[Event "Copenhagen Chess Challenge 2018"]
[Site "Ballerup"]
[Date "2018.04.26"]
[Round "3"]
[White "Jorgensen, Dennis"]
[Black "Stampe, Roger"]
[Result "1-0"]
[WhiteElo "2164"]
[BlackElo "1992"]
[EventDate "2018.04.25"]
[EventRounds "9"]
[EventCountry "Danmark"]
[WhiteFideId "1408380"]
[BlackFideId "1512102"]

1. Nf3 f5 2. d3 Nf6 3. e4 fxe4 4. dxe4 e6 5. e5 Ne4 6. Bd3 Nc5 7. Be2 Be7 8. O-O b6 9. b4 Ne4 10. Bd3 d5 11. exd6 Nxd6 12. Ne5 Bf6 13. Bb2 g6 14. Nd2 Qe7 15. Qg4 Qg7 16. Rae1 O-O 17. Ndf3 Nf5 18. Be4 c6 19. b5 Nd6 20. bxc6 Nxe4 21. Qxe4 Na6 22. Ba3 Re8 23. Rd1 Nc7 24. c4 b5 25. Rfe1 a5 26. Bd6 b4 27. Nd4 Bd8 28. Rd3 Ra7 29. Bc5 Ra8 30. Red1 Na6 31. Bd6 Be7 32. Nb5 Bxd6 33. Rxd6 Nc7 34. Rd7 Bxd7 35. cxd7 Nxb5 36. dxe8=Q+ Rxe8 37. cxb5 Qh6 38. g3 Qh5 39. Ng4 Qg5 40. h4 Qe7 41. Qe5  1-0

[Event "Copenhagen Chess Challenge 2018"]
[Site "Ballerup"]
[Date "2018.04.26"]
[Round "3"]
[White "Steenstrup, Svend"]
[Black "Pajeken, Jakob Leon"]
[Result "0-1"]
[WhiteElo "1976"]
[BlackElo "2152"]
[EventDate "2018.04.25"]
[EventRounds "9"]
[EventCountry "Danmark"]
[WhiteFideId "1409182"]
[BlackFideId "12942839"]

1. e4 e5 2. f4 exf4 3. Nf3 Nf6 4. Nc3 d5 5. e5 Ne4 6. d3 Nxc3 7. bxc3 g5 8. g3 g4 9. Nh4 f3 10. h3 h5 11. Bf4 Be7 12. Kf2 d4 13. Qe1 Nc6 14. Qe4 dxc3 15. Nf5 Bxf5 16. Qxf5 Bc5+ 17. Ke1 f2+ 18. Kd1 Qd5 19. Rh2 Qf3+  0-1

[Event "Copenhagen Chess Challenge 2018"]
[Site "Ballerup"]
[Date "2018.04.26"]
[Round "3"]
[White "Vesterli, Michael E"]
[Black "Andersen, Kim Nyvang"]
[Result "1/2-1/2"]
[WhiteElo "2149"]
[BlackElo "1962"]
[EventDate "2018.04.25"]
[EventRounds "9"]
[EventCountry "Danmark"]
[WhiteFideId "1417339"]
[BlackFideId "1415743"]

1. d4 Nf6 2. c4 g6 3. Nc3 Bg7 4. e4 d6 5. Nf3 O-O 6. Be2 e5 7. O-O Nc6 8. d5 Ne7 9. Ne1 Ne8 10. Nd3 f5 11. Bd2 Nf6 12. f3 Rf7 13. c5 f4 14. Qc2 g5 15. cxd6 cxd6 16. Nb5 Ng6 17. Rfc1 g4 18. Nc7 Rb8 19. Ne6 Qb6+ 20. Kh1 Nf8 21. Qc4 Nxe6 22. dxe6 Re7 23. Qb4 Qxb4 24. Bxb4 Ne8 25. fxg4 Bxe6 26. Bf3 Rc8 27. Rxc8 Bxc8 28. Rc1 Be6 29. b3 Bf8 30. Kg1 Rc7 31. Kf2 Rxc1 32. Nxc1 Nf6 33. h3 h6 34. Ne2 Bd7 35. Nc3  1/2-1/2

[Event "Copenhagen Chess Challenge 2018"]
[Site "Ballerup"]
[Date "2018.04.26"]
[Round "3"]
[White "Andersen, Lars Ren"]
[Black "Vangsgaard, Bjarke"]
[Result "0-1"]
[WhiteElo "2116"]
[BlackElo "1940"]
[EventDate "2018.04.25"]
[EventRounds "9"]
[EventCountry "Danmark"]
[WhiteFideId "1404792"]
[BlackFideId "1436570"]

1. d4 Nf6 2. c4 g6 3. Nc3 Bg7 4. e4 d6 5. f3 O-O 6. Be3 c5 7. Nge2 Nc6 8. d5 Ne5 9. Ng3 e6 10. Be2 exd5 11. exd5 Re8 12. Qd2 a6 13. O-O Rb8 14. Bg5 Qb6 15. Nge4 Nxe4 16. Nxe4 Nd7 17. Rab1 f5 18. Nf2 h6 19. Be3 Qb4 20. Qc1 b5 21. Bd3 Ne5 22. cxb5 axb5 23. Bxh6 Nxd3 24. Nxd3 Qd4+ 25. Nf2 Re2 26. Bxg7 Kxg7 27. Qd1 Rd2 28. Qe1 Kf7 29. Kh1 Rxb2 30. Rd1 Qc4 31. Qa5 Rb7 32. Qd8 Bd7 33. Nd3 Re2 34. Rfe1 Qxd3 35. Qh8 Qe3 36. Qh7+ Ke8 37. Qg8+ Ke7 38. Qh7+ Kd8 39. Rg1 g5 40. Qh8+ Qe8 41. Qh6 Qe7 42. a3 Ra7 43. Qh8+ Be8 44. Rb1 Kc7 45. Qh3 Bd7 46. Ra1 Ra4 47. Qh8 Qe5 48. Qh5  0-1

[Event "Copenhagen Chess Challenge 2018"]
[Site "Ballerup"]
[Date "2018.04.26"]
[Round "3"]
[White "Dalsberg, Sandra de Blecourt"]
[Black "Liu, Casper Yukun"]
[Result "1-0"]
[WhiteElo "2075"]
[BlackElo "1898"]
[EventDate "2018.04.25"]
[EventRounds "9"]
[EventCountry "Danmark"]
[WhiteFideId "1004948"]
[BlackFideId "1454153"]

1. d4 Nf6 2. c4 c5 3. d5 e5 4. Nc3 d6 5. e4 Be7 6. Bd3 Nbd7 7. Nge2 Nf8 8. O-O Ng6 9. a3 O-O 10. b4 b6 11. Bd2 Nh5 12. Qc1 Bf6 13. Ra2 Nhf4 14. Bb1 Qd7 15. f3 Bg5 16. Ng3 Qe7 17. Nf5 Qf6 18. g3 Nh3+ 19. Kg2 Bxd2 20. Qxd2 Ng5 21. h4 Ne6 22. dxe6 fxe6 23. Ne3 h5 24. Ned1 d5 25. exd5 exd5 26. Nxd5 Qe6 27. Qg5 Qh3+ 28. Kg1 Bg4 29. Qxg6 Qxg3+ 30. Rg2  1-0

[Event "Copenhagen Chess Challenge 2018"]
[Site "Ballerup"]
[Date "2018.04.26"]
[Round "3"]
[White "Kvaloy, Aksel Bu"]
[Black "Berg, Klaus"]
[Result "1/2-1/2"]
[WhiteElo "1958"]
[BlackElo "2335"]
[EventDate "2018.04.25"]
[EventRounds "9"]
[EventCountry "Danmark"]
[WhiteFideId "1528815"]
[BlackFideId "1400053"]

1. e4 g6 2. d4 Bg7 3. Nf3 d6 4. Bc4 Nf6 5. Qe2 O-O 6. O-O Bg4 7. Nbd2 Nc6 8. c3 e5 9. h3 Bxf3 10. Nxf3 Qe7 11. dxe5 Nxe5 12. Nxe5 Qxe5 13. Re1 Rfe8 14. Bd3 Re7 15. Be3 Rae8 16. Bd4 Qg5 17. Bxf6 Bxf6 18. Rf1 Be5 19. Qg4 Qd2 20. Bc4 Qf4 21. g3 Qxg4 22. hxg4 h6 23. f4 Bf6 24. Bd3 Kg7 25. Kg2 b5 26. Kf3 Rb8 27. Rac1 b4 28. cxb4 Rxb4 29. b3 a5 30. Rc4 c5 31. Rxb4 axb4  1/2-1/2

[Event "Copenhagen Chess Challenge 2018"]
[Site "Ballerup"]
[Date "2018.04.26"]
[Round "3"]
[White "Hansen, Rune"]
[Black "Eriksson, Christian Altenburg"]
[Result "0-1"]
[WhiteElo "1967"]
[BlackElo "2136"]
[EventDate "2018.04.25"]
[EventRounds "9"]
[EventCountry "Danmark"]
[WhiteFideId "1500970"]
[BlackFideId "1412159"]

1. b3 c5 2. Bb2 Nc6 3. e3 d6 4. f4 Nf6 5. Nf3 g6 6. c4 Bg7 7. a3 O-O 8. Be2 b6 9. O-O e6 10. Qc2 Bb7 11. Nc3 d5 12. Nd1 d4 13. e4 e5 14. fxe5 Ng4 15. h3 Ngxe5 16. d3 Nxf3+ 17. Bxf3 Ne5 18. Be2 Qh4 19. Kh2 Bc8 20. Bc1 Bh6 21. Bxh6 Qxh6 22. Qc1 Qxc1 23. Rxc1 f5 24. Nf2 fxe4 25. Nxe4 Bf5 26. Nf2 g5 27. Rcd1 Rae8 28. Bh5 Bg6 29. Bxg6 hxg6 30. b4 Kg7 31. Kg3 cxb4 32. axb4 Nc6 33. Ne4 Rxf1 34. Rxf1 Nxb4 35. Kg4 Nxd3 36. Nxg5 Ne5+ 37. Kg3 d3 38. Rf4 a5 39. Rd4 a4 40. Nf3 a3 41. Nxe5 Rxe5 42. Rxd3 a2 43. Rd1 Ra5 44. Ra1 Kf6 45. Kf4 Ra3 46. Ke4 g5 47. Kd5 Ra4 48. g3 Ke7 49. Kc6 Rxc4+ 50. Kxb6 Rc2 51. h4 g4 52. Kb5 Rg2 53. Kc4 Kf6 54. Kd4 Kg6 55. Ke4 Kh5 56. Kf4 Rf2+ 57. Ke4 Rb2 58. Kf4 Rb4+ 59. Kf5 Ra4 60. Ke5 Ra3 61. Ke4 Rxg3 62. Rxa2 Kxh4 63. Rh2+ Rh3 64. Rf2 Ra3 65. Rf8 Kh3 66. Rh8+ Kg2 67. Kf4 g3 68. Ke4 Rf3 69. Ra8 Rf7 70. Ke3 Kh2 71. Rh8+ Kg1 72. Ra8 g2 73. Ra6 Rf1 74. Ke2 Rf5 75. Ra7 Rf4 76. Ra6 Rg4 77. Kf3 Rg7 78. Ke2 Kh2 79. Kf3 Rg3+ 80. Kf4 g1=Q 81. Rh6+ Kg2  0-1

[Event "Copenhagen Chess Challenge 2018"]
[Site "Ballerup"]
[Date "2018.04.26"]
[Round "3"]
[White "Bronnum, Jan"]
[Black "Brynell, Stellan"]
[Result "1/2-1/2"]
[WhiteElo "2088"]
[BlackElo "2420"]
[EventDate "2018.04.25"]
[EventRounds "9"]
[EventCountry "Danmark"]
[WhiteFideId "1400908"]
[BlackFideId "1700219"]

1. d4 Nf6 2. Bf4 g6 3. Nc3 Bg7 4. e4 d6 5. Be2 c6 6. Qd2 Qa5 7. f3 e5 8. Be3 O-O 9. dxe5 dxe5 10. O-O-O Be6 11. Kb1 Nbd7 12. Nd5 Qxd2 13. Nxf6+ Bxf6 14. Rxd2 Be7 15. h4 Rfd8 16. h5 Bc5 17. Bxc5 Nxc5 18. Rxd8+ Rxd8 19. b3 g5 20. g4 a5 21. Kc1 a4 22. b4 Nd7 23. a3 Nb6 24. Nh3 f6 25. Nf2 Kf8 26. Rd1 Rc8 27. Nd3 Bc4 28. Rd2 Bxd3 29. Rxd3 Ke7 30. Rd1 c5 31. Kb2 h6 32. Bb5 c4 33. Kc3 Rc7 34. Rd2 Rc8 35. Rd1 Rc7  1/2-1/2

[Event "Copenhagen Chess Challenge 2018"]
[Site "Ballerup"]
[Date "2018.04.26"]
[Round "3"]
[White "Gjestemoen VonHirsch, Andre"]
[Black "Petersen, Flemming Petri"]
[Result "1-0"]
[WhiteElo "1691"]
[BlackElo "2078"]
[EventDate "2018.04.25"]
[EventRounds "9"]
[EventCountry "Danmark"]
[WhiteFideId "1539531"]
[BlackFideId "1402617"]

1. e4 c6 2. d4 d5 3. exd5 cxd5 4. Bf4 Nc6 5. c3 g6 6. Bd3 Bg7 7. Nd2 Nh6 8. Ngf3 O-O 9. O-O f6 10. Qb3 Nf7 11. Bc2 e5 12. Be3 e4 13. Ne1 Na5 14. Qa3 Re8 15. g3 Bf8 16. b4 b6 17. Qb2 Nc4 18. Nxc4 dxc4 19. Ng2 Bg4 20. a4 g5 21. Bd1 Bh3 22. Bh5 Re7 23. Bxf7+ Rxf7 24. Qe2 Qc8 25. f4 h6 26. Qf2 Qe6 27. Rae1 Be7 28. Kh1 Raf8 29. Rd1 Qd5 30. Bc1 Qd7 31. Qa2 Qc8 32. Rf2 Bg4 33. Re1 Bf3 34. Kg1 h5 35. Re3 Rg7 36. Ne1 gxf4 37. Rexf3 exf3 38. Bxf4 h4 39. Nxf3 hxg3 40. hxg3 Qe6 41. Bh6 Rxg3+ 42. Rg2 Bd6 43. Rxg3+ Bxg3 44. Bxf8 Kxf8 45. Qd2 Qg4 46. Qg2 Qf4 47. Qe2 f5 48. Nd2 Bh4 49. Qg2 Qe3+ 50. Kh2 f4 51. Qa8+ Kf7 52. Qd5+ Kg7 53. Qe5+ Kg6 54. Qxe3 fxe3 55. Nf3 Be7 56. Kg2 Kf5 57. Kf1 Ke4 58. Ke2 a5 59. bxa5 bxa5 60. Ne5 Kd5 61. Kxe3 Bg5+ 62. Ke2 Bd8 63. Ng4 Bb6 64. Ne3+ Ke4 65. Nxc4 Bd8 66. Nd2+ Kd5 67. Kd3 Bb6 68. c4+ Kc6 69. Ne4 Bd8 70. d5+ Kb6 71. Kd4 Be7 72. c5+ Kb7 73. Kc4 Ka6 74. d6 Bd8 75. c6 Kb6 76. Kd5 Bh4 77. c7 Kb7 78. Nc5+ Kc8 79. Kc6  1-0

[Event "Copenhagen Chess Challenge 2018"]
[Site "Ballerup"]
[Date "2018.04.26"]
[Round "3"]
[White "Harstad, Christian"]
[Black "Tenold, Andreas"]
[Result "1-0"]
[WhiteElo "2000"]
[BlackElo "1755"]
[EventDate "2018.04.25"]
[EventRounds "9"]
[EventCountry "Danmark"]
[WhiteFideId "1504045"]
[BlackFideId "1525840"]

1. d4 d5 2. Nf3 e6 3. e3 Nf6 4. Bd3 Nbd7 5. b3 Bd6 6. Bb2 c5 7. Nbd2 Qc7 8. c4 O-O 9. O-O a6 10. Rc1 b6 11. e4 dxe4 12. Nxe4 Bf4 13. Rc2 cxd4 14. Bxd4 Nxe4 15. Bxe4 Bb7 16. Qe2 Bxe4 17. Qxe4 e5 18. Be3 Nf6 19. Qf5 Bxe3 20. fxe3 e4 21. Nd4 Rae8 22. Qg5 h6 23. Qh4 Re5 24. Rxf6 gxf6 25. Qxf6 Rh5 26. g3 Qd8 27. Qf4 f5 28. Rf2 Qe7 29. Kg2 Rg5 30. h3 Kh7 31. Kh2 h5 32. Ne6 Qxe6 33. Qxg5 Qf7 34. g4 hxg4 35. hxg4 Qg6 36. Qh4+ Kg7 37. gxf5 Rxf5 38. Rg2 Rh5 39. Qxh5  1-0

[Event "Copenhagen Chess Challenge 2018"]
[Site "Ballerup"]
[Date "2018.04.26"]
[Round "3"]
[White "Andersen, Daniel"]
[Black "Vangsgaard, Freja"]
[Result "1-0"]
[WhiteElo "1810"]
[BlackElo "1970"]
[EventDate "2018.04.25"]
[EventRounds "9"]
[EventCountry "Danmark"]
[WhiteFideId "1402714"]
[BlackFideId "1436589"]

1. c4 Nf6 2. Nc3 d6 3. d4 g6 4. e4 Nbd7 5. f3 Bg7 6. Be3 O-O 7. Qd2 Re8 8. O-O-O e5 9. Nge2 c6 10. d5 c5 11. g4 Qa5 12. Kb1 a6 13. Ng3 Nb6 14. h4 Na4 15. Nxa4 Qxa4 16. Bd3 b5 17. Qe2 bxc4 18. Bxc4 Rb8 19. h5 Re7 20. Bb3 Qb5 21. Bc4 Qb6 22. Bc1 a5 23. Qh2 Bh8 24. g5 Nd7 25. Rdg1 Nf8 26. Nf5 gxf5 27. g6 Bf6 28. gxh7+ Kxh7 29. Qg3 f4 30. Qg8+ Kh6 31. Qxf8+ Kh7 32. Qg8+ Kh6 33. Rg6+ fxg6 34. Qxg6#  1-0

[Event "Copenhagen Chess Challenge 2018"]
[Site "Ballerup"]
[Date "2018.04.26"]
[Round "3"]
[White "Rostgaard, Tobias Valentin"]
[Black "Saravana, Vedant Kumar"]
[Result "1-0"]
[WhiteElo "2311"]
[BlackElo "1447"]
[EventDate "2018.04.25"]
[EventRounds "9"]
[EventCountry "Danmark"]
[WhiteFideId "1408801"]
[BlackFideId "45059730"]

1. d4 d5 2. Bf4 Bf5 3. e3 e6 4. c4 c6 5. Qb3 Qb6 6. c5 Qxb3 7. axb3 Nd7 8. b4 Ngf6 9. h3 Be7 10. Nc3 Ne4 11. Nge2 O-O 12. b5 Nxc3 13. Nxc3 Nb8 14. Kd2 Rc8 15. Na4 cxb5 16. Nb6 Nc6 17. Nxa8 Rxa8 18. Bxb5 Nb4 19. Ra4 Nc6 20. Bxc6 bxc6 21. Rha1 Bf6 22. Rxa7 Rxa7 23. Rxa7 h6 24. b4 Kf8 25. g4 Bg6 26. b5 cxb5 27. c6 Bd8 28. Bd6+ Kg8 29. Ra8 Kh7 30. Rxd8 Be4 31. c7 Kg6 32. f4 Kf6 33. c8=Q Kg6 34. Rg8 b4 35. Be5 f6 36. Qe8+ Kh7 37. Rh8#  1-0